000 00395nam a2200157Ia 4500
008 221030s9999 xx 000 0 und d
020 _a8126521647
041 _aEnglish
100 _aR. Burke
245 0 _aProject Management : Planning & Control Techniques
_cby R. Burke
250 _a4th
260 _bWilley Pub.
_aNew Delhi
_c2013
300 _a373
650 _aManagement
942 _cBK
999 _c15767
_d15767